Equipos de Futbol Español. - Estadísticas

Estadísticas generales
  • Esta prueba ha sido intentada 1.394 veces
  • La puntuación promedio es 17 de 20
Estadísticas de respuestas
Imagen Respuesta % Correcto
Barcelona
98%
Real Valladolid
94%
Levante
93%
Girona
92%
Real Sociedad
92%
Cádiz
90%
Málaga
89%
Almería
88%
Deportivo Alavés
87%
Deportivo de La Coruña
87%
Eibar
87%
Las Palmas
86%
Leganés
83%
Zaragoza
83%
Athletic Club
78%
Tenerife
77%
Racing de Santander
76%
Villarreal
74%
Numancia
68%
Xerez
45%
No se encontraron pruebas coincidentes
Distribución de puntuación
Porcentaje de gente con cada puntuación
Porcentaje por número respondido
Historial de tus puntuaciones
No has intentado esta prueba.